[Event "Open Letní Praha 2018 - A"]
[Site "Praha"]
[Date "2018.08.10"]
[Round "9"]
[Board "9"]
[White "Olsarova, Karolina"]
[Black "Sprenar, Petr"]
[Result "0-1"]
[WhiteElo "2331"]
[BlackElo "2210"]
[PlyCount "88"]
[EventDate "2018.08.03"]
[EventRounds "9"]
[EventCountry "CZE"]

1. e4 e6 2. d4 d5 3. Nd2 Be7 4. Ngf3 Nf6 5. e5 Nfd7 6. c4 c5 7. cxd5 exd5 8.
Bd3 Nc6 9. O-O cxd4 10. Re1 Nc5 11. Nb3 Ne6 12. Bd2 O-O 13. Qe2 Qb6 14. Rad1 a5
15. Bc1 a4 16. Na1 Nb4 17. Bb1 Bd7 18. Qd2 Bc5 19. a3 Nc6 20. Qd3 g6 21. Nh4
Be7 22. Qg3 Ng7 23. f4 d3+ 24. Be3 Qxb2 25. Bxd3 Nh5 26. Qf2 Qxf2+ 27. Bxf2
Nxf4 28. Nc2 Nxd3 29. Rxd3 Be6 30. Rc3 Rfc8 31. Nf3 Nxe5 32. Rxc8+ Rxc8 33.
Nfd4 Nd3 34. Rb1 Nxf2 35. Kxf2 Bf5 36. Rxb7 Bf6 37. Rb6 Bg7 38. Nc6 Bf8 39. Ne3
Bc5 40. Rb8 Rxb8 41. Nxb8 Bxa3 42. Nxd5 Bc5+ 43. Ke2 a3 44. Nc3 Be6  0-1

[Event "Open Letní Praha 2018 - A"]
[Site "Praha"]
[Date "2018.08.10"]
[Round "9"]
[Board "10"]
[White "Olson, Hamish"]
[Black "Kulhanek, Tomas"]
[Result "1/2-1/2"]
[WhiteElo "2241"]
[BlackElo "2314"]
[PlyCount "155"]
[EventDate "2018.08.03"]
[EventRounds "9"]
[EventCountry "CZE"]

1. d4 d6 2. e4 g6 3. c3 Nf6 4. Nd2 Bg7 5. Ngf3 O-O 6. Be2 Nc6 7. Qc2 Nd7 8. Nc4
e6 9. Bg5 Qe8 10. Qd2 e5 11. dxe5 Ncxe5 12. Nfxe5 dxe5 13. Be3 b6 14. Qc2 Bb7
15. O-O f5 16. f3 Kh8 17. a4 a6 18. b4 Qe6 19. Nd2 f4 20. Bf2 g5 21. a5 Rfc8
22. Qb3 Qg6 23. Bc4 Nf8 24. Bd5 Bxd5 25. exd5 g4 26. Kh1 g3 27. Bg1 gxh2 28.
Bf2 Nd7 29. Qb1 e4 30. Qxe4 Qg5 31. Qe2 Qxd5 32. Ne4 b5 33. Rad1 Qf5 34. c4
bxc4 35. Qxc4 Ne5 36. Qe2 Re8 37. Rd5 Qe6 38. Rfd1 h6 39. Nc5 Qg6 40. Qd2 c6
41. Rd4 Rf8 42. Rxf4 Rxf4 43. Qxf4 Rf8 44. Qe4 Qxe4 45. Nxe4 Rb8 46. Bc5 Rb7
47. Rd8+ Kh7 48. Nd6 Rd7 49. Rxd7 Nxd7 50. Ne4 Kg6 51. Kxh2 Kf5 52. Kg3 Bb2 53.
Be3 h5 54. Nc5 Nxc5 55. Bxc5 Bf6 56. Kf2 Bg5 57. Ke2 Bf6 58. Kd3 Bh4 59. Kc4
Bg3 60. Bf8 Bf2 61. Bd6 Be3 62. Kd3 Bf2 63. g4+ hxg4 64. fxg4+ Kxg4 65. Ke4 Bg1
66. Be7 Bh2 67. Kd4 Kf5 68. Kc5 Ke6 69. Bf8 Kd7 70. Kb6 Bc7+ 71. Kb7 Bf4 72.
Bc5 Bg3 73. Kxa6 Kc7 74. Ka7 Bf4 75. a6 Bg3 76. Be7 Bf2+ 77. Ka8 Bg3 78. Bd8+
 1/2-1/2

[Event "Open Letní Praha 2018 - A"]
[Site "Praha"]
[Date "2018.08.10"]
[Round "9"]
[Board "11"]
[White "Mirzoeva, Elmira"]
[Black "Ciolek, Andreas"]
[Result "0-1"]
[WhiteElo "2290"]
[BlackElo "2216"]
[PlyCount "102"]
[EventDate "2018.08.03"]
[EventRounds "9"]
[EventCountry "CZE"]

1. d4 c5 2. d5 Nf6 3. g3 d6 4. Bg2 g6 5. e4 Bg7 6. Nc3 O-O 7. Nge2 e6 8. dxe6
fxe6 9. Bf4 e5 10. Bg5 Be6 11. O-O Nc6 12. Qd2 Nd4 13. Nd5 Bxd5 14. exd5 Qd7
15. Nxd4 cxd4 16. f4 Qb5 17. a3 Rae8 18. Qb4 Qxb4 19. axb4 e4 20. Rfe1 Nxd5 21.
Rxe4 Rxe4 22. Bxe4 Nxb4 23. Ra4 d5 24. Bxg6 hxg6 25. Rxb4 b6 26. Rb5 Kf7 27.
Rxd5 Ke6 28. Rd8 Rxd8 29. Bxd8 d3 30. cxd3 Bxb2 31. Kf2 Bd4+ 32. Ke2 a5 33. Kd2
a4 34. Kc2 Kd7 35. Bg5 b5 36. f5 b4 37. f6 b3+ 38. Kd1 Ke6 39. Bc1 b2 40. Bxb2
Bxb2 41. Kc2 Bxf6 42. Kb1 Kd5 43. Ka2 Kc5 44. Ka3 Kb5 45. h4 Bd4 46. g4 Be5 47.
h5 g5 48. h6 Bd4 49. Ka2 Kb4 50. h7 Be5 51. Kb1 Kb3  0-1

[Event "Open Letní Praha 2018 - A"]
[Site "Praha"]
[Date "2018.08.10"]
[Round "9"]
[Board "12"]
[White "Vanek, Ladislav"]
[Black "Hrdina, Robin"]
[Result "1/2-1/2"]
[WhiteElo "2271"]
[BlackElo "2219"]
[PlyCount "85"]
[EventDate "2018.08.03"]
[EventRounds "9"]
[EventCountry "CZE"]

1. d4 Nf6 2. c4 e6 3. Nf3 b6 4. g3 Bb7 5. Bg2 Be7 6. O-O O-O 7. d5 Na6 8. Nc3
Bb4 9. Ne5 Bxc3 10. bxc3 Nc5 11. Ba3 d6 12. Bxc5 bxc5 13. Nxf7 Qe7 14. Rb1 Rab8
15. Ng5 Nxd5 16. cxd5 Qxg5 17. c4 e5 18. Qa4 a6 19. Qa5 Qd8 20. Rb3 Ba8 21.
Qxa6 Rxb3 22. axb3 Qb8 23. Qa4 Bb7 24. b4 cxb4 25. Rb1 Qa8 26. Qxa8 Rxa8 27.
Rxb4 Bc8 28. f4 exf4 29. gxf4 Kf7 30. Kf2 Kf6 31. c5 g5 32. fxg5+ Kxg5 33. cxd6
cxd6 34. Ke3 Ra3+ 35. Kd4 Kf6 36. Be4 Rh3 37. Rb8 Bg4 38. Rf8+ Ke7 39. Rf2 Bd7
40. e3 Rh4 41. Kd3 Bb5+ 42. Kd4 Bd7 43. Kd3  1/2-1/2

[Event "Open Letní Praha 2018 - A"]
[Site "Praha"]
[Date "2018.08.10"]
[Round "9"]
[Board "13"]
[White "Jedlicka, Ales"]
[Black "Ajay Krishna, S"]
[Result "1/2-1/2"]
[WhiteElo "2253"]
[BlackElo "2200"]
[PlyCount "89"]
[EventDate "2018.08.03"]
[EventRounds "9"]
[EventCountry "CZE"]

1. d4 Nf6 2. c4 c5 3. d5 b5 4. cxb5 a6 5. bxa6 e6 6. Nc3 exd5 7. Nxd5 Nxa6 8.
Bg5 Be7 9. Nxe7 Qxe7 10. Nf3 O-O 11. e3 d6 12. Be2 Bf5 13. O-O Rfb8 14. Qd2 h6
15. Bxf6 Qxf6 16. b3 Nb4 17. a4 Nc6 18. Rad1 Rxb3 19. Qxd6 Nd4 20. Rxd4 cxd4
21. Qxf6 gxf6 22. Nxd4 Rb2 23. Nxf5 Rxe2 24. Nxh6+ Kh7 25. Nf5 Rxa4 26. h3 Raa2
27. g4 Reb2 28. Kg2 Re2 29. Kg3 Reb2 30. h4 Re2 31. h5 Red2 32. f3 Kg8 33. Nd4
Rxd4 34. exd4 Rd2 35. Kf4 Rxd4+ 36. Kf5 Kg7 37. h6+ Kxh6 38. Kxf6 Rf4+ 39. Ke5
Kg5 40. Rf2 f6+ 41. Ke6 Ra4 42. Rd2 Ra6+ 43. Kf7 Ra7+ 44. Ke6 Ra6+ 45. Kf7
 1/2-1/2

[Event "Open Letní Praha 2018 - A"]
[Site "Praha"]
[Date "2018.08.10"]
[Round "9"]
[Board "14"]
[White "Kaderabek, Jiri"]
[Black "Phadke, Sohan"]
[Result "0-1"]
[WhiteElo "2104"]
[BlackElo "2245"]
[PlyCount "112"]
[EventDate "2018.08.03"]
[EventRounds "9"]
[EventCountry "CZE"]

1. e4 c5 2. Nf3 Nc6 3. Bb5 e6 4. Bxc6 bxc6 5. O-O d5 6. d3 Ne7 7. Re1 Ng6 8.
Nbd2 f6 9. e5 Be7 10. Nb3 O-O 11. d4 fxe5 12. dxe5 c4 13. Nbd4 Qb6 14. c3 c5
15. Ne2 Bb7 16. Ng3 Rf7 17. b4 cxb3 18. Qxb3 Qc6 19. Rb1 Ba6 20. Ng5 Bxg5 21.
Bxg5 h6 22. Qc2 Nf4 23. Bxf4 Rxf4 24. Nh5 Rf5 25. Ng3 Rff8 26. Qg6 Qe8 27. Qg4
Kh7 28. f3 Qg6 29. Qxg6+ Kxg6 30. Kf2 Rf4 31. Ke3 Ra4 32. Rb2 Ra3 33. Kd2 Rf8
34. Ne2 Bxe2 35. Rxe2 Rf4 36. Kd3 Rd4+ 37. Kc2 Rc4 38. Rb3 Rxa2+ 39. Kd3 Rxe2
40. Kxe2 Kf5 41. Kd3 Rh4 42. Rb7 Kxe5 43. Rxa7 g5 44. h3 Kf4 45. Ra2 c4+ 46.
Kd4 Kf5+ 47. Kc5 h5 48. Re2 g4 49. hxg4+ hxg4 50. Kd6 gxf3 51. gxf3 Rh6 52.
Re5+ Kf4 53. Re1 Kxf3 54. Re5 d4 55. cxd4 c3 56. Re1 Kf2  0-1

[Event "Open Letní Praha 2018 - A"]
[Site "Praha"]
[Date "2018.08.10"]
[Round "9"]
[Board "15"]
[White "Gan-Erdene, Sugar"]
[Black "Kornitzky, Tino"]
[Result "1-0"]
[WhiteElo "2309"]
[BlackElo "2036"]
[PlyCount "67"]
[EventDate "2018.08.03"]
[EventRounds "9"]
[EventCountry "CZE"]

1. e4 d5 2. exd5 Qxd5 3. Nc3 Qa5 4. d4 Nf6 5. a3 c6 6. Bd3 Bg4 7. Nf3 e6 8. O-O
Bd6 9. h3 Bh5 10. Bd2 Qc7 11. Re1 O-O 12. Ne4 Nxe4 13. Bxe4 Bg6 14. Bxg6 hxg6
15. c4 Nd7 16. Bc3 Rad8 17. Qe2 Nf6 18. Rad1 Rfe8 19. b4 a6 20. g3 Bf8 21. Kg2
Nd7 22. h4 Nf6 23. Ne5 Bd6 24. Ng4 Nh5 25. Qf3 Rd7 26. Ne5 Rdd8 27. c5 Bf8 28.
g4 Nf6 29. Rh1 Nd5 30. Bd2 a5 31. g5 axb4 32. h5 Bxc5 33. hxg6 f6 34. Rh8+  1-0

[Event "Open Letní Praha 2018 - A"]
[Site "Praha"]
[Date "2018.08.10"]
[Round "9"]
[Board "16"]
[White "Kizatbay, Abyl"]
[Black "Yakimenko, Alexander A."]
[Result "1/2-1/2"]
[WhiteElo "2205"]
[BlackElo "2069"]
[PlyCount "91"]
[EventDate "2018.08.03"]
[EventRounds "9"]
[EventCountry "CZE"]

1. e4 e6 2. d4 d5 3. Bd3 dxe4 4. Bxe4 Nf6 5. Bf3 Nc6 6. Ne2 e5 7. Bxc6+ bxc6 8.
O-O Bd6 9. Nbc3 Ba6 10. Re1 O-O 11. dxe5 Bxe5 12. Bf4 Qxd1 13. Raxd1 Bxe2 14.
Nxe2 Bxb2 15. Rb1 Ba3 16. Bxc7 Rfe8 17. Nf4 Ne4 18. Nd3 Nd2 19. Rbd1 Nc4 20. f3
Ne3 21. Rd2 Nd5 22. Rxe8+ Rxe8 23. Ba5 Rb8 24. Re2 f6 25. Kf2 Kf7 26. Re4 Bd6
27. Bd2 Rb7 28. h4 h5 29. g4 g6 30. Rc4 Ne7 31. Be3 Rb5 32. Ra4 a5 33. c4 Rb1
34. Rxa5 Rh1 35. gxh5 gxh5 36. Bf4 Bxf4 37. Nxf4 Rxh4 38. Kg3 Rh1 39. Rxh5 Rg1+
40. Kf2 Rc1 41. Rh7+ Kf8 42. Rh8+ Kf7 43. Rh7+ Kf8 44. c5 Rc2+ 45. Ke3 Rxa2 46.
Ne6+  1/2-1/2

[Event "Open Letní Praha 2018 - A"]
[Site "Praha"]
[Date "2018.08.10"]
[Round "9"]
[Board "17"]
[White "Vrecion, Jiri"]
[Black "Skalsky, Alexandr"]
[Result "0-1"]
[WhiteElo "2050"]
[BlackElo "2177"]
[PlyCount "76"]
[EventDate "2018.08.03"]
[EventRounds "9"]
[EventCountry "CZE"]

1. c4 g6 2. Nc3 c5 3. g3 Bg7 4. Bg2 Nc6 5. d3 d6 6. e4 e6 7. Nge2 Nge7 8. O-O
O-O 9. Be3 Nd4 10. Qd2 b6 11. Bh6 Bxh6 12. Qxh6 Bb7 13. Nxd4 cxd4 14. Ne2 e5
15. h4 f5 16. f3 Kh8 17. Bh3 Ng8 18. Qd2 f4 19. h5 Qg5 20. hxg6 hxg6 21. Rf2
Kg7 22. Bg4 Qf6 23. gxf4 Ne7 24. Rg2 exf4 25. b4 Nc6 26. Qb2 Rh8 27. b5 Ne5 28.
Qxd4 Bc8 29. Qc3 Bxg4 30. fxg4 f3 31. Rf1 Kg8 32. Nd4 Rh3 33. g5 Qf4 34. Qd2
Qh4 35. Rh2 Qg3+ 36. Kh1 Kg7 37. Qf2 Rxh2+ 38. Qxh2 Rh8  0-1

[Event "Open Letní Praha 2018 - A"]
[Site "Praha"]
[Date "2018.08.10"]
[Round "9"]
[Board "18"]
[White "Husek, Martin"]
[Black "Kong, Ren En"]
[Result "1-0"]
[WhiteElo "2174"]
[BlackElo "2048"]
[PlyCount "77"]
[EventDate "2018.08.03"]
[EventRounds "9"]
[EventCountry "CZE"]

1. e4 c5 2. Nf3 g6 3. d4 cxd4 4. Nxd4 Nc6 5. c4 Nf6 6. Nc3 d6 7. Be2 Nxd4 8.
Qxd4 Bg7 9. Be3 O-O 10. Qd2 Be6 11. Rc1 Qa5 12. f3 Rfc8 13. b3 Nd7 14. Nb5
Qxd2+ 15. Kxd2 Nc5 16. b4 a6 17. Nd4 Bxd4 18. Bxd4 Nd7 19. f4 a5 20. b5 Rc7 21.
Rc3 Nc5 22. Ke3 f6 23. e5 Re8 24. Bf3 Na4 25. b6 Rxc4 26. Rxc4 Bxc4 27. Rc1 Be6
28. exd6 exd6 29. Rc7 Nc5 30. Kf2 Nd3+ 31. Kg3 g5 32. fxg5 fxg5 33. Bxb7 Bf7
34. Bc6 Rf8 35. b7 Nb4 36. Rc8 Nxc6 37. Rxc6 Bd5 38. Rc7 Bxb7 39. Rg7+  1-0

[Event "Open Letní Praha 2018 - A"]
[Site "Praha"]
[Date "2018.08.10"]
[Round "9"]
[Board "19"]
[White "Plesek, Jiri"]
[Black "Machala, Vladislav"]
[Result "0-1"]
[WhiteElo "2165"]
[BlackElo "2020"]
[PlyCount "60"]
[EventDate "2018.08.03"]
[EventRounds "9"]
[EventCountry "CZE"]

1. Nf3 d5 2. c4 d4 3. e3 c5 4. b4 Nf6 5. bxc5 Nc6 6. exd4 Nxd4 7. Bb2 e5 8.
Nxd4 exd4 9. Be2 Bxc5 10. O-O O-O 11. Bf3 Bf5 12. d3 Re8 13. Ba3 Qa5 14. Bxc5
Qxc5 15. Qc2 Re7 16. Nd2 Rae8 17. Rab1 b6 18. a4 Bg6 19. Rb5 Qc7 20. c5 Nd7 21.
c6 Re1 22. g3 Rxf1+ 23. Kxf1 Ne5 24. Rxe5 Qxe5 25. Nb3 Bf5 26. Kg2 Qf6 27. h3
Bxh3+ 28. Kxh3 Qxf3 29. Nxd4 Qh5+ 30. Kg2 Re1  0-1

[Event "Open Letní Praha 2018 - A"]
[Site "Praha"]
[Date "2018.08.10"]
[Round "9"]
[Board "20"]
[White "Arnal Iturgaitz, Aitor"]
[Black "Karthick, Narayanan S"]
[Result "1-0"]
[WhiteElo "2122"]
[BlackElo "1979"]
[PlyCount "71"]
[EventDate "2018.08.03"]
[EventRounds "9"]
[EventCountry "CZE"]

1. d4 Nf6 2. Nf3 c5 3. d5 e6 4. c4 b5 5. Qc2 Na6 6. a3 Qa5+ 7. Bd2 Nb4 8. Qc1
Ne4 9. Nc3 Nxd2 10. Nxd2 Na6 11. cxb5 Nb8 12. Nc4 Qc7 13. d6 Bxd6 14. b6 Qc6
15. Nb5 Be7 16. Nc7+ Kf8 17. Nxa8 Qxa8 18. bxa7 Qxa7 19. e4 d5 20. Nd2 Nc6 21.
exd5 exd5 22. Nf3 Bf5 23. Be2 h6 24. O-O Na5 25. Qf4 Be6 26. b4 Nb3 27. Rab1 c4
28. Bd1 g5 29. Qe5 Rg8 30. Bxb3 cxb3 31. Rxb3 d4 32. Rc1 Qd7 33. Rd3 f6 34.
Qxd4 Qb7 35. Re1 Bf5 36. Rde3  1-0

[Event "Open Letní Praha 2018 - A"]
[Site "Praha"]
[Date "2018.08.10"]
[Round "9"]
[Board "21"]
[White "Gokhale, Rishabh Chandrashekhar"]
[Black "Koubova, Anna Marie"]
[Result "0-1"]
[WhiteElo "1867"]
[BlackElo "2086"]
[PlyCount "88"]
[EventDate "2018.08.03"]
[EventRounds "9"]
[EventCountry "CZE"]

1. d4 Nf6 2. Nf3 g6 3. Bf4 Bg7 4. e3 O-O 5. h3 d5 6. Bd3 c5 7. c3 Qb6 8. Qc1
Nc6 9. O-O Nd7 10. Nbd2 e5 11. dxe5 Ndxe5 12. Nxe5 Nxe5 13. Bxe5 Bxe5 14. e4
dxe4 15. Bxe4 Be6 16. Re1 Bg7 17. Qc2 Rad8 18. a4 Rd7 19. a5 Qb5 20. Nf1 Rfd8
21. Rad1 Qxa5 22. Rxd7 Rxd7 23. Rd1 Qd8 24. Ne3 Bh6 25. Rxd7 Qxd7 26. Ng4 Bg7
27. Ne3 b5 28. b3 a5 29. c4 bxc4 30. bxc4 Qd4 31. Nd5 Qa1+ 32. Kh2 a4 33. Qd2
Be5+ 34. f4 Bd4 35. f5 Bg1+ 36. Kg3 Qe5+ 37. Nf4 Bxf5 38. Bxf5 Qxf5 39. Qe1
Bh2+ 40. Kxh2 Qxf4+ 41. Kh1 a3 42. Qa5 Qc1+ 43. Kh2 Qb2 44. Qd8+ Kg7  0-1

[Event "Open Letní Praha 2018 - A"]
[Site "Praha"]
[Date "2018.08.10"]
[Round "9"]
[Board "22"]
[White "Shehzad, Shazil"]
[Black "Soural, Jan"]
[Result "1/2-1/2"]
[WhiteElo "1972"]
[BlackElo "2213"]
[PlyCount "70"]
[EventDate "2018.08.03"]
[EventRounds "9"]
[EventCountry "CZE"]

1. e4 c5 2. Nf3 Nc6 3. Bb5 g6 4. Bxc6 bxc6 5. O-O Bg7 6. Re1 Nh6 7. c3 O-O 8.
d4 cxd4 9. cxd4 d5 10. e5 Bg4 11. Nbd2 Qb6 12. h3 Bxf3 13. Nxf3 c5 14. dxc5
Qxc5 15. Be3 Qa5 16. Nd4 Rfc8 17. g4 Kh8 18. Nb3 Qd8 19. Qf3 Rc2 20. Rad1 e6
21. Nd4 Rxb2 22. Bxh6 Bxh6 23. Qxf7 Qf8 24. Qxf8+ Rxf8 25. Re2 Rxe2 26. Nxe2
Bf4 27. Nxf4 Rxf4 28. Rc1 Re4 29. Rc8+ Kg7 30. Rc7+ Kg8 31. Rxa7 Rxe5 32. a4 d4
33. Rd7 Re1+ 34. Kg2 e5 35. a5 Ra1  1/2-1/2

[Event "Open Letní Praha 2018 - A"]
[Site "Praha"]
[Date "2018.08.10"]
[Round "9"]
[Board "23"]
[White "Chmel, Kristian"]
[Black "Pipia, Ekaterine"]
[Result "1/2-1/2"]
[WhiteElo "2166"]
[BlackElo "1979"]
[PlyCount "73"]
[EventDate "2018.08.03"]
[EventRounds "9"]
[EventCountry "CZE"]

1. c4 e6 2. e4 c5 3. Nf3 Nc6 4. Nc3 Nge7 5. d4 cxd4 6. Nxd4 Nxd4 7. Qxd4 Nc6 8.
Qd2 Bc5 9. Bd3 O-O 10. O-O b6 11. a3 Nd4 12. b4 Nb3 13. Qb2 Nxc1 14. Raxc1 Bd4
15. Qd2 a6 16. Ne2 Bf6 17. f4 g6 18. Rfd1 Qe7 19. e5 Bg7 20. Be4 Rb8 21. c5
bxc5 22. Rxc5 Bb7 23. Bxb7 Rxb7 24. Qd6 Qxd6 25. Rxd6 Ra8 26. Ra5 Rba7 27. Nc3
Bf8 28. Rd1 Be7 29. Kf1 Kg7 30. Ne4 Rc7 31. Nd6 Rc2 32. b5 Bxd6 33. exd6 Rb8
34. bxa6 Rbb2 35. Rg5 Rb6 36. Ra5 Rbb2 37. Rg5  1/2-1/2

[Event "Open Letní Praha 2018 - A"]
[Site "Praha"]
[Date "2018.08.10"]
[Round "9"]
[Board "24"]
[White "Krivanek, Vladimir"]
[Black "Pribylova, Sofie"]
[Result "1/2-1/2"]
[WhiteElo "2147"]
[BlackElo "1977"]
[PlyCount "54"]
[EventDate "2018.08.03"]
[EventRounds "9"]
[EventCountry "CZE"]

1. c4 Nf6 2. Nf3 g6 3. g3 Bg7 4. Bg2 O-O 5. O-O d5 6. cxd5 Nxd5 7. d4 Nc6 8. e4
Nb6 9. d5 Na5 10. Nc3 c6 11. Nd4 cxd5 12. exd5 e6 13. Nb3 Nxb3 14. Qxb3 exd5
15. Nxd5 Be6 16. Rd1 Re8 17. Be3 Nxd5 18. Bxd5 Qf6 19. Bd4 Bxd5 20. Qxd5 Qe7
21. Bxg7 Kxg7 22. Qd4+ Kg8 23. Rac1 b6 24. b4 Rad8 25. Qf4 Rxd1+ 26. Rxd1 Qe2
27. Rd2 Qb5  1/2-1/2

[Event "Open Letní Praha 2018 - A"]
[Site "Praha"]
[Date "2018.08.10"]
[Round "9"]
[Board "25"]
[White "Slacky, Stanislav"]
[Black "Maly, Filip"]
[Result "1-0"]
[WhiteElo "2138"]
[BlackElo "1954"]
[PlyCount "49"]
[EventDate "2018.08.03"]
[EventRounds "9"]
[EventCountry "CZE"]

1. d4 Nf6 2. c4 g6 3. Nf3 Bg7 4. g3 O-O 5. Bg2 d6 6. Nc3 Nc6 7. O-O Bf5 8. d5
Na5 9. Nd4 Bd7 10. Qd3 c5 11. dxc6 Nxc6 12. Nxc6 Bxc6 13. Rd1 Nd7 14. b3 Qa5
15. Bb2 Rac8 16. Qd2 Rfe8 17. Rab1 Qh5 18. Qe3 Ne5 19. h3 a6 20. Nd5 g5 21. c5
g4 22. Bxe5 Bxe5 23. hxg4 Qxg4 24. cxd6 exd6 25. Qxe5  1-0

[Event "Open Letní Praha 2018 - A"]
[Site "Praha"]
[Date "2018.08.10"]
[Round "9"]
[Board "26"]
[White "Seregina, Maria"]
[Black "Ladron De Guevara Galar, Fco J"]
[Result "1/2-1/2"]
[WhiteElo "1882"]
[BlackElo "2128"]
[PlyCount "117"]
[EventDate "2018.08.03"]
[EventRounds "9"]
[EventCountry "CZE"]

1. f4 d5 2. Nf3 g6 3. g3 Bg7 4. Bg2 Nh6 5. O-O O-O 6. c3 c5 7. d3 d4 8. e4 dxe3
9. Bxe3 Qc7 10. Na3 Ng4 11. Qe2 Nxe3 12. Qxe3 e6 13. Rac1 Nd7 14. d4 Nf6 15.
Ne5 cxd4 16. cxd4 Qd8 17. Rc5 Nd5 18. Bxd5 exd5 19. Qb3 Be6 20. Rfc1 Qf6 21.
Nb5 g5 22. Nc7 Rad8 23. Nxd5 Rxd5 24. Rxd5 gxf4 25. Rf1 Qf5 26. Qf3 f6 27. g4
Qg5 28. Rd6 fxe5 29. Rxe6 exd4 30. Re4 Be5 31. Qe2 Bd6 32. Qc4+ Kg7 33. Qxd4+
Rf6 34. Qd1 h5 35. h3 Rg6 36. Kh1 Qh4 37. Qd4+ Kh7 38. Qd3 Kh6 39. g5+ Qxg5 40.
Qf3 Kh7 41. b3 Qc5 42. Rc4 Qf5 43. Rg1 Rxg1+ 44. Kxg1 Qb1+ 45. Qf1 Qg6+ 46. Kf2
Qg3+ 47. Ke2 Qe3+ 48. Kd1 b5 49. Rc6 Bb4 50. Kc2 Qd2+ 51. Kb1 Ba3 52. Rc2 Qd4
53. Qe1 Bf8 54. Qc3 Qe4 55. Qc7+ Bg7 56. Qd7 Qe1+ 57. Rc1 Qe4+ 58. Rc2 Qe1+ 59.
Rc1  1/2-1/2

[Event "Open Letní Praha 2018 - A"]
[Site "Praha"]
[Date "2018.08.10"]
[Round "9"]
[Board "27"]
[White "Krupicka, Josef"]
[Black "Kucera, Tomas"]
[Result "1/2-1/2"]
[WhiteElo "2059"]
[BlackElo "1917"]
[PlyCount "28"]
[EventDate "2018.08.03"]
[EventRounds "9"]
[EventCountry "CZE"]

1. d4 Nf6 2. Nf3 d6 3. Bf4 g6 4. h3 Bg7 5. e3 O-O 6. Be2 c5 7. c3 Nc6 8. O-O
Qb6 9. Qc1 Re8 10. Nbd2 cxd4 11. exd4 Bf5 12. Nc4 Qd8 13. Rd1 Nd5 14. Bh2 Rc8
 1/2-1/2

[Event "Open Letní Praha 2018 - A"]
[Site "Praha"]
[Date "2018.08.10"]
[Round "9"]
[Board "28"]
[White "Zhukenov, Aituar"]
[Black "Lacina, Filip"]
[Result "1-0"]
[WhiteElo "2025"]
[BlackElo "1936"]
[PlyCount "117"]
[EventDate "2018.08.03"]
[EventRounds "9"]
[EventCountry "CZE"]

1. e4 d6 2. d4 Nf6 3. Nc3 e5 4. Nge2 exd4 5. Nxd4 Be7 6. Bf4 a6 7. Qd2 O-O 8.
f3 b5 9. O-O-O c5 10. Nf5 Bxf5 11. exf5 Nc6 12. Ne4 Qb6 13. h4 d5 14. Nxf6+
Bxf6 15. Bg5 Nd4 16. Qf4 Rfe8 17. c3 Be5 18. Qg4 Rac8 19. cxd4 cxd4+ 20. Kb1 h5
21. Qh3 d3 22. Bxd3 Bxb2 23. g4 Qa5 24. Qg2 Bd4 25. Qd2 Bc3 26. Qc2 Qb4+ 27.
Qb3 Qa5 28. Rc1 d4 29. Rc2 Rc4 30. a3 Rb4 31. Rxc3 Rxb3+ 32. Rxb3 hxg4 33. fxg4
Re1+ 34. Rxe1 Qxe1+ 35. Bc1 Qxh4 36. g5 Qh1 37. Bc2 Qd5 38. Kb2 Kf8 39. Bd3
Qg2+ 40. Kb1 Qd5 41. Rb4 g6 42. fxg6 fxg6 43. Bb2 Qxg5 44. Rxd4 Qe3 45. Ka1 g5
46. Bf5 a5 47. Ka2 a4 48. Rb4 Qc5 49. Bg4 Qd5+ 50. Kb1 Qd3+ 51. Ka1 Ke7 52. Rd4
Qf1+ 53. Rd1 Qc4 54. Rd7+ Ke8 55. Rd4 Qf1+ 56. Rd1 Qc4 57. Re1+ Kf7 58. Bh5+
Kg8 59. Bg6  1-0

[Event "Open Letní Praha 2018 - A"]
[Site "Praha"]
[Date "2018.08.10"]
[Round "9"]
[Board "29"]
[White "Ochirbat, Lkhagvajamts"]
[Black "Rokos, Filip"]
[Result "0-1"]
[WhiteElo "2007"]
[BlackElo "1864"]
[PlyCount "44"]
[EventDate "2018.08.03"]
[EventRounds "9"]
[EventCountry "CZE"]

1. Nf3 d5 2. c4 d4 3. b4 Bg4 4. d3 c6 5. Bb2 Bxf3 6. gxf3 e5 7. a3 Nd7 8. Nd2
a5 9. Qb3 Nh6 10. f4 Qh4 11. fxe5 Nxe5 12. bxa5 Be7 13. Ne4 Nf5 14. h3 O-O 15.
Rg1 Rxa5 16. Qxb7 Raa8 17. Bc1 Ne3 18. Bxe3 dxe3 19. Qb6 f5 20. Ng3 Nxc4 21.
dxc4 Qxc4 22. Qb2 Bb4+  0-1

[Event "Open Letní Praha 2018 - A"]
[Site "Praha"]
[Date "2018.08.10"]
[Round "9"]
[Board "31"]
[White "Knight, David"]
[Black "Novacek, Josef"]
[Result "0-1"]
[WhiteElo "1929"]
[BlackElo "2159"]
[PlyCount "104"]
[EventDate "2018.08.03"]
[EventRounds "9"]
[EventCountry "CZE"]

1. e4 c5 2. Nf3 d6 3. d4 cxd4 4. Nxd4 Nf6 5. Nc3 a6 6. h3 e6 7. g4 h6 8. Bg2
Bd7 9. Be3 Nc6 10. Qe2 Qc7 11. f4 O-O-O 12. O-O Nxd4 13. Bxd4 Bc6 14. Qe3 Nd7
15. Qg3 e5 16. fxe5 dxe5 17. Be3 f6 18. Qf2 Bb4 19. Nd5 Bxd5 20. exd5 Bc5 21.
Rfe1 Kb8 22. b3 Bxe3 23. Rxe3 h5 24. gxh5 Rxh5 25. a4 f5 26. d6 Qb6 27. a5 Qa7
28. c4 e4 29. Rc3 Qxf2+ 30. Kxf2 Nc5 31. b4 Nd3+ 32. Rxd3 exd3 33. c5 Rh4 34.
Rb1 Rc4 35. Bf3 d2 36. Rb2 Rf4 37. Rxd2 Rxb4 38. Re2 Rb5 39. Re7 g6 40. h4 Rxc5
41. Rxb7+ Kc8 42. Rb6 Rxa5 43. Bb7+ Kd7 44. Bxa6 Ke6 45. d7+ Kxd7 46. Rxg6 Rh8
47. Rg7+ Ke6 48. Bc4+ Ke5 49. Re7+ Kf4 50. Re3 Rxh4 51. Rf3+ Kg5 52. Bd3 Rf4
 0-1

[Event "Open Letní Praha 2018 - B"]
[Site "Praha"]
[Date "2018.08.03"]
[Round "1"]
[Board "1"]
[White "Benes, Petr"]
[Black "Enkhbolor, Nyamdavaa"]
[Result "1-0"]
[WhiteElo "2094"]
[BlackElo "1563"]
[PlyCount "67"]
[EventDate "2018.08.03"]
[EventRounds "9"]
[EventCountry "CZE"]

1. c4 Nf6 2. g3 g6 3. Bg2 Bg7 4. Nc3 O-O 5. d4 d6 6. Nf3 Nbd7 7. O-O c6 8. h3
e5 9. e3 Ne8 10. e4 h6 11. Be3 f5 12. dxe5 dxe5 13. Qd2 Kh7 14. exf5 gxf5 15.
Nh4 Qf6 16. Nxf5 Nb6 17. Nxg7 Nxg7 18. c5 Nd7 19. Be4+ Kg8 20. b4 h5 21. Bc2
Nf5 22. Ne4 Qg7 23. Nd6 Nh4 24. Kh1 Nf3 25. Qe2 Nd4 26. Bxd4 exd4 27. Bb3+ Kh8
28. Qxh5+ Qh7 29. Qxh7+ Kxh7 30. Rad1 Ne5 31. Nxc8 Raxc8 32. f4 Ng6 33. Rxd4
Rcd8 34. Rfd1  1-0

[Event "Open Letní Praha 2018 - B"]
[Site "Praha"]
[Date "2018.08.03"]
[Round "1"]
[Board "2"]
[White "Krieger, Miroslav"]
[Black "Kovar, Josef"]
[Result "0-1"]
[WhiteElo "1536"]
[BlackElo "2040"]
[PlyCount "60"]
[EventDate "2018.08.03"]
[EventRounds "9"]
[EventCountry "CZE"]

1. e4 c5 2. Nf3 g6 3. c3 Bg7 4. d4 cxd4 5. cxd4 d5 6. e5 Nc6 7. Bb5 Bd7 8. Nc3
a6 9. Be2 Bg4 10. h3 Bxf3 11. Bxf3 e6 12. O-O Nge7 13. Be3 O-O 14. Rc1 b5 15.
a3 Qb6 16. Qd2 Rac8 17. Rc2 Na5 18. Be2 Nf5 19. b4 Nc4 20. Bxc4 Rxc4 21. Rd1
Rfc8 22. Kf1 f6 23. f4 fxe5 24. fxe5 Ng3+ 25. Kg1 Rxc3 26. Rxc3 Rxc3 27. Qe1
Ne4 28. Rc1 Qc6 29. Kh2 Rxc1 30. Bxc1 Qc3  0-1

[Event "Open Letní Praha 2018 - B"]
[Site "Praha"]
[Date "2018.08.03"]
[Round "1"]
[Board "3"]
[White "Ilandzis, Spyridon"]
[Black "Zacek, Petr"]
[Result "1-0"]
[WhiteElo "2009"]
[BlackElo "1535"]
[PlyCount "59"]
[EventDate "2018.08.03"]
[EventRounds "9"]
[EventCountry "CZE"]

1. b3 Nf6 2. Bb2 e6 3. e3 b6 4. f4 Bb7 5. Nf3 Be7 6. Bd3 O-O 7. Nc3 d6 8. O-O
c5 9. Qe1 Nbd7 10. Qh4 g6 11. Ng5 Nh5 12. g4 Bxg5 13. fxg5 Ng7 14. Ne4 Bxe4 15.
Bxe4 d5 16. Qh6 f6 17. Bg2 Rc8 18. Rf3 Qe7 19. gxf6 Nxf6 20. Qh4 e5 21. Raf1
Nge8 22. g5 Nd7 23. Rxf8+ Nxf8 24. Bxd5+ Ne6 25. Bxe5 N8g7 26. Rf6 Re8 27. Qg4
Qxf6 28. Bxf6 Nf5 29. Qe4 Kf7 30. Qa4  1-0